South Eastern Kenya University

Library Online Public Access Catalogue


Public administration : (Record no. 7418)

MARC details
000 -LEADER
fixed length control field 00544cam a2200169 a 4500
020 ## - INTERNATIONAL STANDARD BOOK NUMBER
International Standard Book Number 0155058681
050 00 - LIBRARY OF CONGRESS CALL NUMBER
Classification number JF1351
Item number .D45 2003
100 1# - MAIN ENTRY--PERSONAL NAME
Personal name Denhardt, Robert B.
245 10 - TITLE STATEMENT
Title Public administration :
Remainder of title an action orientation.
250 ## - EDITION STATEMENT
Edition statement 4th ed. /
Remainder of edition statement Robert B. Denhardt and Joseph W. Grubbs.
260 ## - PUBLICATION, DISTRIBUTION, ETC. (IMPRINT)
Place of publication, distribution, etc. Belmont, CA :
Name of publisher, distributor, etc. Wadsworth/Thomson Learning,
Date of publication, distribution, etc. c2003.
300 ## - PHYSICAL DESCRIPTION
Extent xxi, 482 p.:
650 ## - SUBJECT ADDED ENTRY--TOPICAL TERM
General subdivision Public administration.
700 1# - ADDED ENTRY--PERSONAL NAME
Personal name Grubbs, Joseph W.
856 41 - ELECTRONIC LOCATION AND ACCESS
Uniform Resource Identifier <a href="http://www.loc.gov/catdir/toc/fy032/2002107773.html">http://www.loc.gov/catdir/toc/fy032/2002107773.html</a>
942 ## - ADDED ENTRY ELEMENTS (KOHA)
Source of classification or shelving scheme Library of Congress Classification
Koha item type General circulation
Holdings
Withdrawn status Lost status Source of classification or shelving scheme Damaged status Not for loan Home library Current library Shelving location Date acquired Cost, normal purchase price Total Checkouts Full call number Barcode Date last seen Cost, replacement price Price effective from Koha item type Public note
    Library of Congress Classification     Main Campus Library Main Campus Library General Stacks 28/07/2015 4368.00   JF1351 .D45 2003 2015/004912 28/07/2015 4804.00 28/07/2015 General circulation Nzk
Kitui, Kenya.
+254736116989
library@seku.ac.ke